| 000 | 00453nam a22001457a 4500 | ||
|---|---|---|---|
| 020 | _a9788120321892 | ||
| 040 | _cNUST | ||
| 082 | _a620.103 ENG | ||
| 100 |
_aLakshmana, Rao C. _9114082 |
||
| 110 |
_aLakshminarasimhan, J Sethuraman Raju Srinivasan Sivakumar M. _9114083 |
||
| 245 |
_aEngineering Mechanics _bStatics and Dynamics |
||
| 260 |
_aNew Dehli: _bPrentice hall of India, _c2003. |
||
| 650 |
_aEngineering Mechanics _959741 |
||
| 942 |
_2ddc _cTEXT |
||
| 999 |
_c595472 _d595472 |
||